LEADER 01851nam0 22003491i 450 001 UON00122507 005 20231205102723.266 017 70$2C$ad 100 $a20020107r19981998 |0itac50 ba 101 $atib$aTIB$aLIT 102 $aTO 105 $a||||7im2||||| 200 1 $aManuel de tibétain standard$eLangue et civilisation$eIntroduction au tibétain standard (parlé et écrit) suivie d'un appéndice consacré au tibétain littéraire classique$fNicolas Tournadre et Sangda Dorje 210 $aParis$cLangues et Mondes ; L'Asiathèque$d1998 215 $a567 p., p. di tav$d28 cm$e2 cd 316 $aAltro inv 98872$5IT-UONSI CDTIB/001 (1) CILA 316 $avedi inv. 98870$5IT-UONSI CDTIB/001 (2)CILA 316 $afatt. M 357167 del 18.7.01$5IT-UONSI TIBIIB/014 N 410 1$1001UON00067005$12001 $aLangues Inalco 606 $aLingua tibetana$xGrammatiche$3UONC007948$2FI 620 $aFR$dParis$3UONL002984 686 $aTIB II B$cTibet - Linguistica - Grammatiche$2A 700 1$aTOURNANDRE$bNicolas$3UONV026637$0647942 701 0$aDHOGONPA SANGDA DORJE$3UONV082595$0791018 712 $aL'Asiathèque$3UONV276364$4650 801 $aIT$bSOL$c20250704$gRICA 912 $aUON00122507 950 $aSIBA - SISTEMA BIBLIOTECARIO DI ATENEO$dSI CD TIB 001 (1) CILA $eSI SA 98871 7 001 (1) CILA Altro inv 98872 950 $aSIBA - SISTEMA BIBLIOTECARIO DI ATENEO$dSI CD TIB 001 (2)CILA $eSI SA 98872 7 001 (2)CILA vedi inv. 98870 950 $aSIBA - SISTEMA BIBLIOTECARIO DI ATENEO$dSI TIB II B 014 N $eSI SA 98870 7 014 N fatt. M 357167 del 18.7.01 996 $aManuel de tibétain standard$91767320 997 $aUNIOR